Patrologia orientalis. (Record no. 184075)
[ view plain ]
| 000 -LEADER | |
|---|---|
| campo de control de longitud fija | 01725nam a2200265 i 4500 |
| 001 - NÚMERO DE CONTROL | |
| campo de control | 184075 |
| 003 - IDENTIFICADOR DE NÚMERO DE CONTROL | |
| campo de control | ES-MaACL |
| 005 - FECHA Y HORA DE LA ÚLTIMA TRANSACCIÓN | |
| campo de control | 20251103192823.0 |
| 008 - DATOS DE LONGITUD FIJA--INFORMACIÓN GENERAL | |
| campo de control de longitud fija | 150304s1933 fr |||| | fre d |
| 245 00 - MENCIÓN DEL TÍTULO | |
| Título | Patrologia orientalis. |
| Número de parte o sección de la obra | Tomus vicesimus quartus / |
| Mención de responsabilidad, etc. | [édité par] R. Graffin. |
| 260 ## - PUBLICACIÓN, DISTRIBUCIÓN, ETC. | |
| Lugar de publicación, distribución, etc. | Paris : |
| Nombre del editor, distribuidor, etc. | Firmin-Didot et cie, éditeurs, |
| Fecha de publicación, distribución, etc. | 1933. |
| 300 ## - DESCRIPCIÓN FÍSICA | |
| Extensión | 801 p. ; |
| Dimensiones | 28 cm. |
| 505 8# - NOTA DE CONTENIDO CON FORMATO | |
| Nota de contenido con formato | Contiene: The old georgian version of the Gospel of Matthew : from the Adysh Gospels with the variants of the Opiza and Tbet? Gospels / edited with a latin translation by Robert P. Blake,.... - 1933 ; Fasc. 1 Le lectionnaire de la Semaine Sainte. [I] / texte copte édité avec traduction française d'après le manuscrit Add. 5997 du British Museum par O. H. E. Burmester,.... - 1933 ; Fasc. 2 Le Candélabre des Sanctuaires de Grégoire Abou'lfaradj dit Barhebræus (suite) / édité et traduit en français par Ján Bako. - 1933 ; Fasc. 3 Voyage du Patriarche Macaire d'Antioche (Suite) / texte arabe et traduction française par Basile Radu,.... - 1933 ; Fasc. 4 Euchologium Sinaiticum / texte slave avec sources grecques et traduction française par Jean Frcek,.... - 1933 ; Fasc. 5 |
| 650 ## - PUNTO DE ACCESO ADICIONAL DE MATERIA--TÉRMINO DE MATERIA | |
| Término de materia o nombre geográfico como elemento de entrada | Patrística. |
| 9 (RLIN) | 15895 |
| 650 07 - PUNTO DE ACCESO ADICIONAL DE MATERIA--TÉRMINO DE MATERIA | |
| Término de materia o nombre geográfico como elemento de entrada | Literatura cristiana primitiva |
| Fuente del encabezamiento o término | embne |
| 9 (RLIN) | 14529 |
| 700 1# - ENTRADA AGREGADA--NOMBRE PERSONAL | |
| Nombre de persona | Barhebraeus, Gregorius Abu al-Farag, |
| Fechas asociadas al nombre | 1226-1286 |
| 9 (RLIN) | 156477 |
| 700 0# - ENTRADA AGREGADA--NOMBRE PERSONAL | |
| Nombre de persona | Brière, Maurice. |
| 9 (RLIN) | 31705 |
| 700 1# - ENTRADA AGREGADA--NOMBRE PERSONAL | |
| Nombre de persona | Blake, Robert Pierpont, |
| Títulos y otros términos asociados al nombre | 1886-1950 |
| 9 (RLIN) | 156473 |
| 700 1# - ENTRADA AGREGADA--NOMBRE PERSONAL | |
| Nombre de persona | Khs-Burmester, Oswald Hugh Ewart. |
| 9 (RLIN) | 156478 |
| 700 1# - ENTRADA AGREGADA--NOMBRE PERSONAL | |
| Nombre de persona | Radu, Basile. |
| 9 (RLIN) | 156479 |
| 700 1# - ENTRADA AGREGADA--NOMBRE PERSONAL | |
| Nombre de persona | Frcek, Jan ( |
| Fechas asociadas al nombre | 1896-1942) |
| 9 (RLIN) | 156480 |
| 700 1# - ENTRADA AGREGADA--NOMBRE PERSONAL | |
| Nombre de persona | Graffin, René, |
| Fechas asociadas al nombre | 1858-1941 |
| 9 (RLIN) | 156163 |
| 852 ## - LOCALIZACIÓN | |
| Ubicación | ES-MaACL |
| Número de control de estantería | G-709 bis |
| Estatus retirado | Estado de pérdida | Estado de daño | No para préstamo | Biblioteca de origen | Biblioteca actual | Ubicación en estantería | Fecha de adquisición | Fuente de adquisición | Total de préstamos | Signatura topográfica completa | Código de barras | Visto por última vez | Precio de reemplazo | Tipo de ítem Koha |
|---|---|---|---|---|---|---|---|---|---|---|---|---|---|---|
| Biblioteca del Ateneo de Madrid | Biblioteca del Ateneo de Madrid | Depósito 2 | 04/03/2015 | G-709 bis | 1193564 | 23/02/2023 | 23/02/2023 | Libro impreso |
